Transparentnosť v architektúre Pojem mnohoznačných významov

Enregistré dans:
Détails bibliographiques
Auteur principal: Vojteková, Eva (Auteur)
Autres auteurs: (Directeur de thèse)
Format: Manuscrit Livre
Langue:slovaque
Publié: Bratislava 2020
Sujets:
Accès en ligne:http://is.stuba.sk/zp/portal_zp.pl?podrobnosti_zp=81788
Tags: Ajouter un tag
Pas de tags, Soyez le premier à ajouter un tag!

MARC

LEADER 00000ntm a22000003a 4500
001 stuzp81788
003 SK-STU
005 20230316124816.5
007 ta
008 150427s2015----xo-----f-mn---000-0-slo-d
040 |a STU  |b slo 
041 0 |a slo  |b eng 
044 |a xo 
100 1 |a Vojteková, Eva  |u 054140  |k Z1  |4 aut  |U FAD Fakulta architektúry a dizajnu  |T FAD Ústav konštrukcií v architektúre a inžinierskych stavieb  |X 333  |U A4140  |Y 395  |7 A000000333 
242 0 1 |a Transparency in Architecture, A Term of Ambiguous Meanings  |y eng 
245 1 0 |a Transparentnosť v architektúre Pojem mnohoznačných významov 
260 |c 2020  |a Bratislava 
300 |a 95 s. 
650 4 |a transparentnosť doslovná a fenomenálna  |2 slo 
650 4 |a inžinierska transparentnosť  |2 slo 
650 4 |a modernizmus  |2 slo 
650 4 |a sklo  |2 slo 
650 4 |a detail  |2 slo 
650 4 |a fasáda  |2 slo 
650 4 |a Modernism  |2 eng 
650 4 |a Detail  |2 eng 
650 4 |a Transparency literal and phenomenal  |2 eng 
650 4 |a Engineered transparency  |2 eng 
650 4 |a Glass  |2 eng 
650 4 |a Façade  |2 eng 
650 4 |a svetlo a jeho význam v architektúre 
650 4 |a transparentné konštrukcie 
650 4 |a architektonický priestor 
700 1 |a ,  |4 ths  |X null  |7 null 
856 4 |u http://is.stuba.sk/zp/portal_zp.pl?podrobnosti_zp=81788  |u https://opac.crzp.sk/?fn=detailBiblioForm&sid=D028D1829C892C28C123A94301AA 
996 |b 284AU08828  |c A* 12108/V  |l AAKNST  |s P  |a 0  |w stuzp81788_0001